| 000 | 00746nam a2200205 a 4500 | ||
|---|---|---|---|
| 005 | 20231114063539.0 | ||
| 008 | 991125s1926 mx 000 0 spa u | ||
| 035 | _aUPN01000009932 | ||
| 049 | _aCE | ||
| 050 | 4 |
_aF1230 _bT6.3 |
|
| 100 | 1 |
_aToro, Alfonso, _d1873-1952 _929469 |
|
| 245 | 1 | 0 |
_aCompendio de historia de México : _bla dominación española / _cpor Alfonso Toro. |
| 260 |
_aMéxico : _bSELFA, _c1926. |
||
| 300 |
_a464 p. : _bil., fotos |
||
| 500 | _a"Escrita para uso de las escuelas preparatorias de la República" | ||
| 500 | _aDisponible en la Colección Medina | ||
| 651 | 4 |
_aMéxico _xHistoria _yDescubrimiento y conquista, 1517-1521 _911526 |
|
| 651 | 4 |
_aMéxico _xHistoria _yDominación española, 1517-1821 _9227 |
|
| 905 | _aLibro | ||
| 999 |
_c9932 _d9932 |
||